Wall-paintings by anake charmers in Tanganyika / (Record no. 13369)

MARC details
000 -LEADER
fixed length control field 00615nam a22002052 4500
001 - CONTROL NUMBER
control field 0000011741
005 - DATE AND TIME OF LATEST TRANSACTION
control field 20151217155846.0
008 - FIXED-LENGTH DATA ELEMENTS--GENERAL INFORMATION
fixed length control field 090106s xx 000 0 eng d
040 ## - CATALOGING SOURCE
Original cataloging agency KABU
Transcribing agency KABU
100 1# - MAIN ENTRY--PERSONAL NAME
Personal name Cory, H.
-- 0000167738
245 10 - TITLE STATEMENT
Title Wall-paintings by anake charmers in Tanganyika /
Statement of responsibility, etc. H. Cory.
250 ## - EDITION STATEMENT
Edition statement 1st ed.
260 ## - PUBLICATION, DISTRIBUTION, ETC. (IMPRINT)
Place of publication, distribution, etc. London :
Name of publisher, distributor, etc. Faber & Faber,
Date of publication, distribution, etc. 1953.
300 ## - PHYSICAL DESCRIPTION
Extent 99 p.
650 #0 - SUBJECT ADDED ENTRY--TOPICAL TERM
Topical term or geographic name as entry element Mural paintings & decoration.
-- 0000167739
650 #0 - SUBJECT ADDED ENTRY--TOPICAL TERM
Topical term or geographic name as entry element Paintings
Geographic subdivision Tanzania.
-- 0000167740
852 1# - LOCATION
-- p200 KES
908 ## - PUT COMMAND PARAMETER (RLIN)
Put command parameter 090106
950 ## - LOCAL HOLDINGS (RLIN)
-- 1
Holdings
Withdrawn status Lost status Source of classification or shelving scheme Not for loan Home library Current library Date acquired Total Checkouts Full call number Barcode Date last seen Price effective from Koha item type
    Library of Congress Classification   Kabarak, Main Campus Kabarak, Main Campus 17/12/2015   ND2866 .T3C67 c. 1 15800 17/12/2015 17/12/2015 Africana Collection
Designed with assistance from East African Informatics Ltd